Limitações materiais ao poder de tributar / (Record no. 53)

MARC details
000 -LÍDER
Campo Fixo de Controle 00994cam a2200253 a 4500
001 - NÚMERO DE CONTROLE
Campo de Controle 53
003 - IDENTIFICAÇÃO DO NÚMERO DE CONTROLE
Campo de Controle BR-CuiBMT
005 - DATA E HORA DA ÚLTIMA ATUALIZAÇÃO
Campo de Controle 20231120022829.0
008 - DADOS FIXOS
Dados Fixos 230808b2022 mgba 000 0 por d
040 ## - AGÊNCIA CATALOGADORA
Código da Agência Catalogadora BR-CuiBMT
Agência que transcreveu o registro BR-CuiBMT
080 ## - Nº DA CLASSIFICAÇÃO DECIMAL UNIVERSAL
Nº edição CDU 2007
Nº Class. CDU 342:336.22
090 ## - NÚMERO DE CHAMADA
Nº classificação 342:336.22
Cutter L734
245 00 - TÍTULO PRINCIPAL
Título principal Limitações materiais ao poder de tributar /
Indicação de responsabilidade Oswaldo Othon de Pontes Saraiva Filho ... [et al.] coordenadores ; prefácio Rogério Gandra da Silva Martins.
260 ## - PUBLICAÇÃO, DISTRIBUIÇÃO, ETC.
Local de publicação Belo Horizonte :
Editora Fórum,
Data 2022.
300 ## - DESCRIÇÃO FÍSICA
N. páginas ou volumes 469 p. :
Ilustrações il. ;
Dimensões 21 cm
490 1# - INDICAÇÃO DE SÉRIE
Título da série Coleção Fórum princípios constitucionais tributários ;
Volume/designação sequencial da série v. 3
504 ## - NOTA DE BIBLIOGRAFIA, ETC.
Nota de bibliografia Inclui bibliografia.
650 ## - ASSUNTO TÓPICO
Cabeçalho tópico ou nome geográfico Direito tributário
Subdivisão geográfica Brasil
650 ## - ASSUNTO TÓPICO
Cabeçalho tópico ou nome geográfico Competência tributária
Subdivisão geral Limitações
Subdivisão geográfica Brasil
650 ## - ASSUNTO TÓPICO
Cabeçalho tópico ou nome geográfico Direito constitucional
Subdivisão geral Questões tributárias
Subdivisão geográfica Brasil
700 1# - ENTRADA SECUNDÁRIA -- NOME PESSOAL
Nome pessoal Saraiva Filho, Oswaldo Othon de Pontes
Termo de relação et al.
Cód. do termo explicativo coord.
830 #0 - ENTRADA SECUNDÁRIA DE SÉRIE -- TÍTULO UNIFORME
Título uniforme Fórum princípios constitucionais tributários ;
Nº do volume/designação sequencial da série 3
942 ## - ELEMENTOS DE ENTRADA ADICIONAIS (KOHA)
Fonte de classificação ou esquema de arquivamento Classificação Decimal Universal
Tipo de item do Koha Livros
Holdings
Estado: removido Estado: perdido Fonte de classificação ou esquema de arquivamento Estado: danificado Indisponível para empréstimo Localização permanente Localização atual Data de aquisição Total Checkouts Número de Chamada completo Código de barras Date last seen Número do exemplar Preço efetivo a partir de Tipo de item (Koha)
    Classificação Decimal Universal     Biblioteca da Escola Superior de Contas do TCE/MT Biblioteca da Escola Superior de Contas do TCE/MT 28/06/2023   342:336.22 L734 BIBTCEMT23080029 08/08/2023 Ex. 1 08/08/2023 Livros

Powered by Koha